Detalles MARC
| 000 -LIDER |
| fixed length control field |
01140nam a2200337 a 4500 |
| 001 - NÚMERO DE CONTROL |
| Identificador de número de control |
000020991 |
| 003 - IDENTIFICACDOR DE NÚMERO DE CONTROL |
| control field |
DO-SdBNP |
| 005 - DATE AND TIME OF LATEST TRANSACTION |
| control field |
20171010124712.0 |
| 007 - CAMPOS FIJOS DE DESCRIPCIÓN FÍSICA |
| fixed length control field |
000020991 |
| 008 - ELEMENTOS DE LONGITUD FIJA |
| fixed length control field |
100825s1994 dr c 000 0bspa d |
| 040 ## - FUENTE DE CATALOGACIÓN |
| Agencia que crea de manera original el registro |
BPMSU |
| Idioma de catalogación |
spa |
| Agencia que realiza la transcripción |
BPMSU |
| 082 ## - NÚMERO DE CLASIFICACIÓN DECIMAL DE DEWEY |
| Classification number |
923.57293 |
| Item number |
L965T, 1994 |
| 092 ## - LOCALLY ASSIGNED DEWEY DECIMAL CALL NUMBER |
| Número de clasificación |
. |
| 100 1# - ASIENTO PRINCIPAL -- NOMBRE PERSONAL |
| Nombre personal |
Tolentino Dipp, Hugo, |
| Fechas asociadas con el nombre |
1930- |
| 245 10 - MENCIÓN DE TITULO |
| Título |
Perfil nacionalista de Gregorio Luperón / |
| Mención de responsabilidad |
Hugo Tolentino. |
| 250 ## - MENCIÓN DE EDICION |
| Mención de edición |
2a ed. |
| 260 ## - PUBLICACIÓN, DISTRIBUCIÓN, ETC. (PIE DE IMPRENTA) |
| Lugar de publicación, distribución, etc |
Santo Domingo : |
| Nombre del editor, distribuidor, etc. |
Tobogán |
| Fecha de publicación, distribución, etc |
1994 |
| 300 ## - DESCRIPCIÓN FÍSICA |
| Extensión |
127 p. : |
| Otros detalles físicos |
retrs. ; |
| Dimensiones |
19 cm. |
| 490 ## - MENCIÓN DE SERIES |
| Mención de serie |
Biblioteca juvenil Tobogán |
| 504 ## - NOTA DE BIBLIOGRAFÍA, ETC. |
| Bibliography, etc |
Bibliografía: p. 105-107. |
| 586 ## - AWARDS NOTE |
| Awards note |
Primer Premio en el Concurso de Historia del Centenario de la Restauración. |
| 600 14 - ENCABEZAMIENTO DE MATERIA--NOMBRE PERSONAL |
| Nombre personal |
LUPERÓN, GREGORIO, |
| Fechas asociadas con el nombre |
1839-1897 |
| 830 ## - ASIENTO SECUNDARIO DE SERIE--TÍTULO UNIFORME |
| Nombre de la parte o sección de una obra |
Biblioteca juvenil Tobogán |
| 910 ## - VALIDACIÓN |
| Validación |
Validado. Control de calidad BNPHU. |
| 930 #1 - EQUIVALENCE OR CROSS-REFERENCE-UNIFORM TITLE HEADING [LOCAL, CANADA] |
| Language of a work |
BND01 |
| Medium of performance for music |
LF1 |
| Medium |
923.57293 |
| Field link and sequence number |
20100825 |
| Date of a work |
01 |
| Name of part/section of a work |
HD |
| Miscellaneous information |
13414 |
| 942 ## - ADDED ENTRY ELEMENTS (KOHA) |
| Source of classification or shelving scheme |
Dewey Decimal Classification |
| Koha item type |
Libros |
| 945 ## - INFORMACIÓN DE PROCESAMIENTO LOCAL |
| Información de procesamiento local |
Titulo remanejado para la BNPHU |
| 956 ## - LOCAL ELECTRONIC LOCATION AND ACCESS (OCLC) |
| Nombre de host |
BTAVAREZ |
| Número de acceso |
10 |
| Información de compresión |
20100826 |
| Inicio de sesión |
BND01 |
| Procesador de solicitud |
0915 |
| 956 ## - LOCAL ELECTRONIC LOCATION AND ACCESS (OCLC) |
| Nombre de host |
MMOLINA |
| Número de acceso |
10 |
| Información de compresión |
20120125 |
| Inicio de sesión |
BND01 |
| Procesador de solicitud |
1059 |
| 956 ## - LOCAL ELECTRONIC LOCATION AND ACCESS (OCLC) |
| Nombre de host |
VMATEO |
| Número de acceso |
10 |
| Información de compresión |
20150423 |
| Inicio de sesión |
BND01 |
| Procesador de solicitud |
00151 |